| 000 | 00709nam a2200181Ia 4500 | ||
|---|---|---|---|
| 008 | 100920s9999 xx 000 0 und d | ||
| 082 |
_b102843 _a330 न 08 |
||
| 100 | _aबोर्जेस जॉन्सन. | ||
| 245 | _aअर्थशास्त्रीय सिध्दांत. | ||
| 260 |
_bडायमंड पब्लिकेशन पुणे. _c2008 |
||
| 300 |
_a187 _bसाधी |
||
| 365 | _b160 | ||
| 520 | _aअर्थशास्त्र. | ||
| 630 | _aअर्थशास्त्रीय सिध्दांत. | ||
| 650 | _aअर्थशास्त्र. | ||
| 730 | _aअर्थशास्त्रीय सिध्दांत. | ||
| 942 | _cBOOK | ||
| 999 |
_c743275 _d743272 |
||